000 00784nam a2200205Ia 4500
003 GCL
005 20240530103147.0
008 140319s9999 xx 000 0 ara d
040 _aGCL /
_cGCL
082 0 4 _a227
_bس ت
100 1 _aفتحى عبدالقادر فريد (تحقيق)
245 1 0 _aالتحبير فى علم التفسير /
_cفتحى عبدالقادر فريد (تحقيق)
260 _a[S.N] :
_bدار المنار للنشر والتوزيع ،
_c1986
300 _a518 ص
650 0 4 _aالبلاغة العربية
650 0 4 _aالقران - تفسير
650 0 4 _aالقران - الفاظ
700 1 _aالسيوطى : جلال الدين ابوالفضل عبدالرحمن بن ابى بكر بن محمد الخضيرى
942 _2ddc
_cBK
999 _c37251
_d37251